000 02020nam a22003377a 4500
001 129900
003 UA-OsUOA
005 20260512112752.0
007 ta
008 20180330b un ||un a|||| 00| 0 ukr dukr d
020 _a9667551393
040 _aUA-OsUOA
_bukr
_cUA-OsUOA
_dUA-OsUOA
041 _aukr
080 _a82-84(477)
090 _a82-84(477)
_bУ45
245 _aУкраїнська афористика
_cпід заг. ред. Івана Драча, Володимира Черняка ; гол. ред. Роман Коваль ; упоряд.: Роман Коваль, Валерій Шевчук, Микола Михальченко
260 _aКиїв
_bПросвіта
_c2001
300 _a320 с.
490 _aКласика Світової Афористики
_vТ. 1
505 _gТом 1
520 _a"Українська афористика" є найповнішим виданням вітчизняних офоризмів з найдавніших часів до наших днів. У збірці представлено понад 3500 афоризмів 100 авторів. Багатюща афористика проходить через всі періоди української історії: від Київської Русі через козацьку добу до держави Україна, яка постала наприкінці ХХ століття. Книга може стати посібником для українського вчителя, студента і школяра.
650 7 _a82 Література. Літературознавство
_2UDC
_915
700 1 _aДрача І.
_eред.
_925213
700 1 _aЧерняк В.
_eред.
_925214
700 1 _aКоваль Р.
_eгол. ред., упор.
_925215
700 1 _aШевчук В.
_eупор.
_92329
700 1 _aМихальченко М.
_925216
_eупор.
942 _cBK
_2udc
955 _a3
999 _c417792
_d417792